Seis países más cercanos: Gambia - Estadísticas

Estadísticas generales
  • Esta prueba ha sido intentada 29 veces
  • La puntuación promedio es 4 de 6
Estadísticas de respuestas
km país % Correcto
0 Senegal
92%
74 Guinea
79%
189 Malí
75%
214 Mauritania
75%
61 Guinea-Bissau
71%
413 Sierra Leona
33%
No se encontraron pruebas coincidentes
Distribución de puntuación
Porcentaje de gente con cada puntuación
Porcentaje por número respondido
Historial de tus puntuaciones
No has intentado esta prueba.